000 00206 a2200085 4500
020 _a9383419490
100 _aRanjana Mital
245 _a101 Award-Winning Projects: Volume 1
260 _b COPAL Publishing
_c2021
999 _c13407
_d13407